Cities with the most trees - Statistics

General Stats
  • This quiz has been taken 83 times
  • The average score is 10 of 15
Answer Stats
No. Country Answer % Correct
3 Norway Oslo
88%
5 Australia Sydney
87%
8 South Africa Johannesburg
86%
6 Canada Montreal
86%
14 Canada Toronto
86%
4 Canada Vancouver
86%
12 Netherlands Amsterdam
79%
13 USA Seattle
69%
11 Switzerland Geneva
67%
7 South Africa Durban
62%
15 USA Miami
60%
10 Germany Frankfurt
55%
2 No clue: it will give it away!! Singapore
35%
1 USA Tampa
19%
9 USA Sacramento
12%
No matching quizzes found
Score Distribution
Percent of People with Each Score
Percentile by Number Answered
Your Score History
You have not taken this quiz